| 000 | 00749nam a2200289Ia 4500 | ||
|---|---|---|---|
| 001 | UByD001419 | ||
| 003 | AR-LpoUNG | ||
| 005 | 20230503215100.0 | ||
| 008 | 230504suuuu||||ag |||||||||||||| ||spa|| | ||
| 020 | _a9875031712 | ||
| 040 |
_aAR-LpoUNG _bspa _cAR-LpoUNG _eaacr |
||
| 082 | 0 | _a982.064 837mas | |
| 245 | 1 | 0 | _aMassera : el genocida |
| 260 |
_aBuenos Aires : _bLa Página, _cs.f. |
||
| 300 |
_a214 p. : _bfot. |
||
| 650 | 4 | _aARGENTINA | |
| 650 | 4 | _aGOBIERNO MILITAR | |
| 650 | 4 | _aDICTADURA | |
| 650 | 4 | _aVIOLENCIA | |
| 650 | 4 | _aTERRORISMO | |
| 650 | 4 | _aGENOCIDIO | |
| 650 | 4 | _aANALISIS HISTORICO | |
| 650 | 4 | _aBIOGRAFIAS | |
| 710 | 2 | _aAsociación Madres de Plaza de Mayo (Buenos Aires) | |
| 905 | _aCJPM652 | ||
| 942 |
_cLIB _2ddc |
||
| 999 |
_c62415 _d62415 |
||